000 00934nam a22003377a 4500
005 20250827164630.0
008 180814b2015 xxu||||| |||| 00| 0 spa d
020 _a9789587624380
041 _aESP
082 _a616.89 I61a
100 _aInterconsulting Bureau
_949091
245 _aAfrontamiento de los trastornos del comportamiento en la infancia y la adolescencia
260 _aColombia
260 _bEdiciones de la U
260 _c2015
300 _a140 páginas
490 _aTemática General
650 _aTRASTORNOS DEL COMPORTAMIENTO
650 _aVIOLENCIA DOMÉSTICA
650 _aADOLESCENTES
650 _aAGRESIVIDAD
650 _aTEORÍA DEL APEGO
650 _aVIOLENCIA
650 _aTRASTORNOS DE CONDUCTA
650 _aDÉFICIT DE ATENCIÓN
650 _aHIPERACTIVIDAD
650 _aTRASTORNO DISOCIAL
650 _aBULLYING
650 _aPROBLEMAS DE CONDUCTA
942 _cBK
_2ddc
999 _c10995
_d10995